00385nam a22001457a 4500003000400000008004100004020001800045082001700063100002200080245004600102250000900148260002200157300001000179650005000189OSt200715b ||||| |||| 00| 0 eng d a9789386700377 a615.1901 KUP a Kumar, Puspendra aPractical Book Of Pharmaceutical Analysis a2019 aNew DelhibNirali aPg-97 aPharmaceutical Analysis and Quality Assurance